Statistiques concernant Verbes Irréguliers Italien - P,passe

Cliquez ici pour prendre le quiz!

Statistiques générales

  • Ce quiz a été pris 10 fois
  • Le résultat moyen est 27 sur 47

Statistiques - réponses

TraductionInfinitifP,SimpleP,Passe% Correct
AllumerAccendereAccesiAcceso
100%
AvoirAvereEbbiAvuto
78%
ConnaitreConoscereConobiConosciuto
78%
ApercevoirScorgereScorsiScorto
78%
DemanderChiedereChiesiChiesto
67%
FermerChiudereChiusiChiuso
67%
CourirCorrereCorsiCorso
67%
DeciderDecidereDecisiDeciso
67%
PeindreDipingereDipinsiDipinto
67%
DiscuterDiscutereDiscussiDiscusso
67%
Feindre/Faire semblantFingereFinsiFinto
67%
LireLeggereLessiLetto
67%
MettreMettereMisiMesso
67%
Bouger/DeplacerMuovereMossiMosso
67%
CacherNascondereNascosiNascosto
67%
OffrirOffrireOffersiOfferto
67%
ChoisirScegliereScelsiScelto
67%
SouffrirSoffrireSoffersiSofferto
67%
EteindreSpegnereSpensiSpento
67%
Vaincre/GagnerVincereVinsiVinto
67%
Se rendre compteAccorgersiMi AccorsiAccorto
56%
Faire AllusionAlludereAllusiAlluso
56%
OuvrirAprireApersiAperto
56%
Engager/AssumerAssumereAssunsiAssunto
56%
DiviserDividereDivisiDiviso
56%
Joindre/ArriverGiungereGiunsiGiunto
56%
PerdrePerderePersiPerso
56%
PleurerPiangerePiansiPianto
56%
PrendrePrenderePresiPreso
56%
ProtegerProteggereProtessiProtetto
56%
RepondreRispondereRisposiRisposto
56%
DescendreScendereScesiSceso
56%
EtreEssereFuiStato
56%
TuerUccidereUccisiUcciso
56%
TournerVolgereVolsiVolto
56%
DirigerDirigereDiressiDiretto
44%
DistinguerDistinguereDistinsiDistinto
44%
DetruireDistruggereDistrussiDistrutto
44%
ExploserEsplodereEsplosiEsploso
44%
RendreRendereResiReso
44%
DepenserSpendereSpesiSpeso
44%
PousserSpingereSpinsiSpinto
44%
Croitre/GrandirCrescereCrebbiCresciuto
33%
DefendreDifendereDifesiDifeso
33%
RompreRompereRupppiRotto
33%
SerrerStringereStrinsiStretto
33%
RireRidereRisiRisi
11%

Distribution des résultats

Percentile par nombre de réponses

% des personnes avec chaque résultat

Votre développement - résultats

Vous n’avez pas pris ce quiz